[Event "20th Capablanca Memorial group A"]
[Site "Havana CUB"]
[Date "1985.??.??"]
[Round "8"]
[White "Yap, Andronico"]
[Black "Rodriguez Cespedes, Amador"]
[Result "1/2-1/2"]
[WhiteElo "2400"]
[BlackElo "2505"]
[EventDate "1985.05.21"]
[PlyCount "83"]

1.Nf3 Nf6 2.g3 d5 3.Bg2 c6 4.O-O Bf5 5.d3 h6 6.Nbd2 e6 7.b3 Be7 8.Bb2 O-O 
9.Qe1 Bh7 10.e4 a5 11.a3 Nbd7 12.Qe2 Qb6 13.Kh1 Rfd8 14.e5 Ne8 15.a4 Qc7 
16.g4 b5 17.Ne1 bxa4 18.bxa4 Rab8 19.Ra2 Nc5 20.f4 Rb4 21.Ba3 Rxa4 22.Nef3
Nb7 23.Bd6 Rxa2 24.Bxc7 Nxc7 25.Nd4 Bb4 26.Nxc6 Rxc2 27.Nxd8 Rxd2 28.Qxd2 
Bxd2 29.Nxb7 a4 30.Rf2 Bc3 31.Ra2 Bxd3 32.Rxa4 g5 33.Nc5 Bg6 34.Ra7 Nb5 
35.Rb7 Nd4 36.f5 exf5 37.Bxd5 fxg4 38.e6 Nxe6 39.Nxe6 fxe6 40.Bxe6+ Kf8 
41.Rb8+ Kg7 42.Bxg4 1/2-1/2

[Event "20th Capablanca Memorial group A"]
[Site "Havana CUB"]
[Date "1985.??.??"]
[Round "9"]
[White "Velez, Nestor"]
[Black "Sunye Neto, Jaime"]
[Result "1/2-1/2"]
[WhiteElo "2385"]
[BlackElo "2510"]
[EventDate "1985.05.21"]
[PlyCount "82"]

1.e4 c5 2.Nf3 d6 3.d4 cxd4 4.Nxd4 Nf6 5.Nc3 a6 6.Bc4 e6 7.Bb3 b5 8.Qe2 Be7
9.g4 b4 10.Na4 Bb7 11.f3 d5 12.Be3 dxe4 13.O-O-O exf3 14.Nxf3 Nbd7 15.Nb6 
O-O 16.Nxa8 Qxa8 17.Rhf1 a5 18.Bg5 Ba6 19.Bc4 Bxc4 20.Qxc4 Rc8 21.Qe2 Qb7 
22.Nd4 Nc5 23.Kb1 a4 24.Qf3 Qxf3 25.Nxf3 a3 26.Rd4 Na4 27.Bd2 Nd5 28.c4 
bxc3 29.Rxa4 cxd2 30.Nxd2 Rb8 31.Nb3 axb2 32.Kxb2 h6 33.Rf3 Bf6+ 34.Kc1 
Rc8+ 35.Kd2 Bg5+ 36.Ke1 Rc2 37.Ra8+ Kh7 38.Nd4 Rc4 39.Ne2 f6 40.h3 e5 41.
Rd3 Nf4 1/2-1/2

[Event "20th Capablanca Memorial group A"]
[Site "Havana CUB"]
[Date "1985.??.??"]
[Round "9"]
[White "Garcia Martinez, Silvino"]
[Black "Yap, Andronico"]
[Result "1-0"]
[WhiteElo "2430"]
[BlackElo "2400"]
[EventDate "1985.05.21"]
[PlyCount "51"]

1.e4 c5 2.Nf3 e6 3.d4 cxd4 4.Nxd4 a6 5.Bd3 Nf6 6.c4 Qc7 7.O-O d6 8.Nc3 g6 
9.Bg5 Bg7 10.Qd2 O-O 11.Nb3 Nbd7 12.Be2 Ne5 13.Rac1 h6 14.Bxh6 Nxc4 15.
Bxc4 Bxh6 16.Qxh6 Qxc4 17.Nd5 exd5 18.Rxc4 dxc4 19.Nd2 d5 20.e5 Ne4 21.Nf3
Bg4 22.Nd4 Nc5 23.h3 Ne6 24.hxg4 Nxd4 25.f4 Rfe8 26.Kf2 1-0

[Event "20th Capablanca Memorial group A"]
[Site "Havana CUB"]
[Date "1985.??.??"]
[Round "9"]
[White "Vera Gonzalez, Reynaldo"]
[Black "Bellon Lopez, Juan Manuel"]
[Result "1/2-1/2"]
[WhiteElo "2480"]
[BlackElo "2445"]
[EventDate "1985.05.21"]
[PlyCount "95"]

1.d4 Nf6 2.c4 c5 3.e3 g6 4.Nf3 Bg7 5.Nc3 O-O 6.Be2 a6 7.O-O cxd4 8.exd4 d5
9.c5 b6 10.b4 Ne4 11.Na4 bxc5 12.bxc5 Bd7 13.Nb6 Nc3 14.Qc2 Nxe2+ 15.Qxe2 
Bb5 16.Qd1 Bxf1 17.Nxa8 Bb5 18.Nb6 Nd7 19.a4 Bc6 20.Rb1 Re8 21.Bf4 f6 22.
Qb3 Kh8 23.Re1 e5 24.Nxd7 Qxd7 25.dxe5 Bxa4 26.Qb2 fxe5 27.Bxe5 Kg8 28.Qd4
Bc6 29.Ra1 Bb7 30.Rb1 Bxe5 31.Nxe5 Qf5 32.Re1 g5 33.h3 a5 34.Qa1 Qf6 35.
Qb2 Re7 36.Re3 a4 37.Qd4 Qf4 38.Qb2 a3 39.Qa1 d4 40.Qa2+ Kg7 41.Ng6 dxe3 
42.Nxf4 gxf4 43.fxe3 fxe3 44.Qxa3 e2 45.Qg3+ Kf8 46.Qb8+ Kg7 47.Qg3+ Kf8 
48.Qb8+ 1/2-1/2

[Event "20th Capablanca Memorial group A"]
[Site "Havana CUB"]
[Date "1985.??.??"]
[Round "9"]
[White "Vilela, Jose Luis"]
[Black "Klinger, Josef"]
[Result "1-0"]
[WhiteElo "2415"]
[BlackElo "2495"]
[EventDate "1985.05.21"]
[PlyCount "64"]

1.Nf3 c5 2.c4 e6 3.g3 Nc6 4.Bg2 Nf6 5.O-O Be7 6.d4 d5 7.cxd5 exd5 8.Nc3 
O-O 9.Bg5 cxd4 10.Nxd4 Re8 11.e3 h6 12.Bxf6 Bxf6 13.Bxd5 Nxd4 14.exd4 Qb6 
15.Qf3 Rf8 16.Be4 Qxd4 17.Rfd1 Qb6 18.Nd5 Qxb2 19.Rab1 Qxa2 20.Nxf6+ gxf6 
21.Bd5 Qa6 22.Rxb7 Qa4 23.Bxf7+ Rxf7 24.Rd8+ Kg7 25.Rxf7+ Kxf7 26.Qxa8 Bd7
27.Qd5+ Ke7 28.Rb8 Bc6 29.Qb3 Qa1+ 30.Qb1 Qe5 31.Rb3 Qd5 32.Qh7+ Ke6 1-0

[Event "20th Capablanca Memorial group A"]
[Site "Havana CUB"]
[Date "1985.??.??"]
[Round "9"]
[White "Pinal Borges, Nelson"]
[Black "Ivkov, Borislav"]
[Result "0-1"]
[WhiteElo "2405"]
[BlackElo "2510"]
[EventDate "1985.05.21"]
[PlyCount "84"]

1.e4 c5 2.c3 e6 3.d4 d5 4.exd5 exd5 5.Be3 c4 6.b3 cxb3 7.axb3 Nc6 8.Nf3 
Bd6 9.Bd3 Nge7 10.O-O O-O 11.Na3 Bf5 12.Nb5 a6 13.Nxd6 Qxd6 14.Re1 Rfe8 
15.h3 h6 16.Bf1 Ng6 17.c4 Rad8 18.c5 Qf6 19.Nh2 Nf8 20.Qd2 Ne6 21.Red1 Re7
22.b4 Nc7 23.Bf4 Nb5 24.Bxb5 axb5 25.Nf1 Qg6 26.Ra3 Re4 27.Rg3 Rxd4 28.
Qxd4 Nxd4 29.Rxg6 Ne2+ 30.Kh2 Bxg6 31.Bd6 Nc3 32.Ra1 d4 33.f3 Bf5 34.Ra7 
Rd7 35.g4 Be6 36.Kg3 Na2 37.Ra5 Bc4 38.Nd2 Nxb4 39.Nxc4 bxc4 40.Ra4 c3 41.
Rxb4 d3 42.Kf2 c2 0-1

[Event "20th Capablanca Memorial group A"]
[Site "Havana CUB"]
[Date "1985.??.??"]
[Round "10"]
[White "Bellon Lopez, Juan Manuel"]
[Black "Rodriguez Cespedes, Amador"]
[Result "0-1"]
[WhiteElo "2445"]
[BlackElo "2505"]
[EventDate "1985.05.21"]
[PlyCount "88"]

1.e4 c5 2.Nf3 d6 3.d4 cxd4 4.Nxd4 Nf6 5.Nc3 Nc6 6.f4 e5 7.Nf3 Be7 8.Bc4 
O-O 9.O-O exf4 10.Bd5 Be6 11.Bxf4 Qb6+ 12.Kh1 Qxb2 13.Qd2 Qb6 14.Rab1 Qc7 
15.Ng5 Qd7 16.Qd3 Rfe8 17.Nb5 Rad8 18.c4 Bf8 19.Rb3 Bxd5 20.exd5 Ne5 21.
Qb1 b6 22.Rh3 h6 23.Bxe5 Rxe5 24.Nf3 Re4 25.Nfd4 Rde8 26.Nf5 g6 27.Ng3 Re3
28.Nd4 Bg7 29.Nc2 R3e5 30.Nd4 Ng4 31.Nf3 R5e7 32.Ng1 Re1 33.Qc2 Ne3 34.Qd3
Nxf1 35.Nxf1 Qf5 36.Qxf5 gxf5 37.Rf3 Rc1 38.g3 Rxc4 39.Nh3 Rc2 40.a3 Rec8 
41.Rxf5 R8c3 42.a4 a5 43.Ng1 Ra2 44.Rf4 Rb2 0-1

[Event "20th Capablanca Memorial group A"]
[Site "Havana CUB"]
[Date "1985.??.??"]
[Round "10"]
[White "Palatnik, Semen"]
[Black "Vera Gonzalez, Reynaldo"]
[Result "1/2-1/2"]
[WhiteElo "2455"]
[BlackElo "2480"]
[EventDate "1985.05.21"]
[PlyCount "80"]

1.d4 d5 2.c4 e6 3.Nf3 Nf6 4.g3 c5 5.cxd5 exd5 6.Bg2 Nc6 7.O-O Be7 8.Nc3 
O-O 9.dxc5 Bxc5 10.Bg5 Be6 11.Bxf6 Qxf6 12.Nxd5 Qxb2 13.Nc7 Rad8 14.Qc1 
Qxc1 15.Raxc1 b6 16.Nxe6 fxe6 17.Bh3 Rf6 18.Ng5 Nd4 19.Kh1 Nxe2 20.Bxe6+ 
Rxe6 21.Nxe6 Rd6 22.Nxc5 Nxc1 23.Rxc1 bxc5 24.Rxc5 Rd2 25.Ra5 Rxf2 26.Rxa7
h5 27.h4 Kh7 28.a4 Ra2 29.Ra5 Kh6 30.Kg1 g6 31.Ra7 Rc2 32.a5 Ra2 33.Ra8 
Kg7 34.a6 Kf6 35.Kf1 Kf5 36.a7 Kg4 37.Rg8 Rxa7 38.Rxg6+ Kf3 39.Kg1 Ra2 40.
Kh1 Rb2 1/2-1/2

[Event "20th Capablanca Memorial group A"]
[Site "Havana CUB"]
[Date "1985.??.??"]
[Round "10"]
[White "Vilela, Jose Luis"]
[Black "Velez, Nestor"]
[Result "1/2-1/2"]
[WhiteElo "2415"]
[BlackElo "2385"]
[EventDate "1985.05.21"]
[PlyCount "112"]

1.Nf3 c5 2.c4 Nc6 3.d4 cxd4 4.Nxd4 g6 5.e4 Bg7 6.Be3 Nf6 7.Nc3 O-O 8.Be2 
b6 9.O-O Bb7 10.f3 Rc8 11.Qd2 d6 12.Rfd1 Nd7 13.Nxc6 Bxc6 14.b4 Bb7 15.
Rac1 Ne5 16.Nb5 a6 17.Nd4 Rc7 18.Nb3 Qc8 19.Bxb6 Nxc4 20.Bxc4 Rxc4 21.Na5 
Rxc1 22.Rxc1 Qb8 23.Bd4 Bxd4+ 24.Qxd4 Rc8 25.Rc4 Rxc4 26.Nxc4 Bc6 27.a3 
Qb5 28.h3 Bd7 29.Kh2 Be6 30.Ne3 Qg5 31.Nd5 Bxd5 32.exd5 h5 33.h4 Qc1 34.a4
Qf1 35.Qe3 Kf8 36.Qd4 Kg8 37.Kg3 Qe1+ 38.Kh2 Qf1 39.Qe4 Kf8 40.Qc2 Kg8 41.
Qe4 Kf8 42.Qc2 Qe1 43.Qe4 Qf1 44.Kg3 Qa1 45.b5 axb5 46.axb5 Qb2 47.Qc4 
Qe5+ 48.Kh3 Qf5+ 49.Kh2 Qe5+ 50.Kh3 Qf5+ 51.Kg3 Qe5+ 52.Kf2 Qb2+ 53.Kf1 
Qb1+ 54.Kf2 Qb2+ 55.Kf1 Qb1+ 56.Ke2 Qb2+ 1/2-1/2

[Event "20th Capablanca Memorial group A"]
[Site "Havana CUB"]
[Date "1985.??.??"]
[Round "10"]
[White "Sunye Neto, Jaime"]
[Black "Pinal Borges, Nelson"]
[Result "1-0"]
[WhiteElo "2510"]
[BlackElo "2405"]
[EventDate "1985.05.21"]
[PlyCount "113"]

1.c4 Nf6 2.Nc3 g6 3.g3 Bg7 4.Bg2 O-O 5.e3 e5 6.Nge2 Nc6 7.Rb1 d6 8.b4 Be6 
9.d3 Qd7 10.b5 Nd8 11.h3 h6 12.a4 Rb8 13.Ba3 Nh7 14.c5 f5 15.d4 e4 16.b6 
d5 17.Nf4 c6 18.bxa7 Ra8 19.Nxg6 Re8 20.O-O Rxa7 21.Nf4 Bf7 22.Bc1 Nf6 23.
f3 Kh8 24.fxe4 fxe4 25.Nce2 Rg8 26.Bd2 Bf8 27.Rf2 Be7 28.Qb3 Be8 29.a5 Nh7
30.Kh2 Nf6 31.Rbf1 Nh7 32.Nc3 Bf7 33.Na4 Rg7 34.Bc3 Kg8 35.Nb6 Qc7 36.Bxe4
dxe4 37.d5 cxd5 38.Bxg7 Kxg7 39.Nfxd5 Qxc5 40.Rxf7+ Nxf7 41.Nxe7 Qxe7 42.
Nc8 Qd7 43.Qc3+ Kg6 44.Nxa7 Nfg5 45.g4 Qd6+ 46.Rf4 Nf3+ 47.Kg3 Qd1 48.Qb2 
Qg1+ 49.Qg2 Qe1+ 50.Qf2 Qxa5 51.Rxe4 Nhg5 52.Rf4 Nd2 53.Kh2 Ndf3+ 54.Kg2 
Qxa7 55.Qc2+ Kg7 56.Qc7+ Kg6 57.Qd6+ 1-0

[Event "20th Capablanca Memorial group A"]
[Site "Havana CUB"]
[Date "1985.??.??"]
[Round "11"]
[White "Sygulski, Artur"]
[Black "Sunye Neto, Jaime"]
[Result "1/2-1/2"]
[WhiteElo "2445"]
[BlackElo "2510"]
[EventDate "1985.05.21"]
[PlyCount "85"]

1.d4 Nf6 2.c4 e6 3.Nf3 b6 4.g3 Ba6 5.Qb3 Nc6 6.Nbd2 Na5 7.Qa4 Bb7 8.Bg2 c5
9.O-O Be7 10.dxc5 bxc5 11.Nb3 Nxb3 12.Qxb3 Qc8 13.Bf4 O-O 14.Rfd1 Rd8 15.
Rac1 d6 16.Ne1 Rb8 17.Qc2 Bxg2 18.Nxg2 Qc6 19.Bd2 Rd7 20.b3 Ne4 21.Ne1 h6 
22.Nf3 Bf6 23.Be1 g5 24.h3 Bg7 25.Qd3 f5 26.Nh2 Rf8 27.f3 Nf6 28.Nf1 h5 
29.Bc3 g4 30.h4 gxf3 31.exf3 Kf7 32.Rc2 Rg8 33.Rg2 d5 34.cxd5 Rxd5 35.Qc2 
Rgd8 36.Rxd5 Rxd5 37.Ne3 Rd8 38.Nc4 Kg8 39.Rd2 Rxd2 40.Qxd2 Qd5 41.Bxf6 
Bxf6 42.Kf2 Kg7 43.Kg2 1/2-1/2

[Event "20th Capablanca Memorial group A"]
[Site "Havana CUB"]
[Date "1985.??.??"]
[Round "11"]
[White "Velez, Nestor"]
[Black "Klinger, Josef"]
[Result "0-1"]
[WhiteElo "2385"]
[BlackElo "2495"]
[EventDate "1985.05.21"]
[PlyCount "78"]

1.Nf3 c5 2.c4 Nf6 3.g3 g6 4.Bg2 Bg7 5.Nc3 O-O 6.O-O Nc6 7.b3 d5 8.Bb2 d4 
9.Na4 Nd7 10.d3 Qc7 11.a3 b6 12.e3 e5 13.exd4 cxd4 14.b4 Bb7 15.Bc1 Rae8 
16.Bd2 h6 17.Qb3 Kh7 18.Rac1 Nd8 19.Nb2 f5 20.a4 e4 21.Bf4 Qc8 22.Ne1 e3 
23.Bxb7 Qxb7 24.Ng2 e2 25.Rfe1 g5 26.Bd6 Rf6 27.c5 bxc5 28.Nc4 Nf7 29.Na5 
Qa8 30.bxc5 Nxd6 31.cxd6 Ne5 32.Nc4 Nf3+ 33.Kh1 Nxe1 34.Rxe1 Qd5 35.Qb2 f4
36.gxf4 gxf4 37.Qb5 Qxb5 38.axb5 f3 39.Nh4 Rf4 0-1

[Event "20th Capablanca Memorial group A"]
[Site "Havana CUB"]
[Date "1985.??.??"]
[Round "11"]
[White "Pinal Borges, Nelson"]
[Black "Vilela, Jose Luis"]
[Result "0-1"]
[WhiteElo "2405"]
[BlackElo "2415"]
[EventDate "1985.05.21"]
[PlyCount "224"]

1.e4 e6 2.d4 d5 3.e5 c5 4.c3 Nc6 5.Nf3 Qb6 6.Bd3 cxd4 7.cxd4 Bd7 8.O-O 
Nxd4 9.Nxd4 Qxd4 10.Qe2 Ne7 11.Nc3 Nc6 12.Be3 Qxe5 13.f4 Qd6 14.f5 Qe5 15.
Qf3 Bd6 16.Qh3 exf5 17.Bxf5 Bxf5 18.Rxf5 Qe6 19.Nxd5 O-O 20.Raf1 Be5 21.
Nc3 Rae8 22.Bd2 Nd4 23.Rh5 Qxh3 24.Rxh3 Rd8 25.Be3 Rfe8 26.Rc1 Nc6 27.a3 
Rd3 28.Nd1 Bxb2 29.Nxb2 Rdxe3 30.Rxe3 Rxe3 31.Nc4 Rd3 32.Na5 g6 33.Nxb7 
Ne7 34.Rc7 Nf5 35.Rc8+ Kg7 36.Rc5 Ne3 37.Ra5 Nc4 38.Rxa7 Nxa3 39.Nc5 Rd1+ 
40.Kf2 Nc4 41.Ne4 Rd4 42.Ng5 Rd2+ 43.Kg3 Nd6 44.Nf3 Nf5+ 45.Kh3 Rd3 46.Kg4
Rb3 47.h4 Rb2 48.Kh3 Rb1 49.Kh2 Rb4 50.Kh3 h5 51.Rd7 Kf8 52.Ra7 Kg8 53.Rc7
Rg4 54.Rc3 Kg7 55.Ra3 Kf6 56.Ra6+ Ke7 57.Ra7+ Kf8 58.Ra8+ Kg7 59.Ra3 Rb4 
60.Ra8 Rb1 61.Kh2 Rb2 62.Kh3 Re2 63.Ra3 Rb2 64.Rc3 Nh6 65.Rc1 Rb3 66.Re1 
Kf6 67.Ra1 Kf5 68.Ra5+ Kf4 69.Ra4+ Ke3 70.Ra7 f5 71.Ra1 Ng4 72.Kg3 f4+ 73.
Kh3 Rc3 74.Rh1 Ra3 75.Rc1 Ra2 76.Ng5 Ke2 77.Rc4 Ra3+ 78.Nf3 Ke3 79.Rc1 Rb3
80.Ra1 Rb2 81.Ng5 Kf2 82.Ra3 Ne5 83.Kh2 Ng4+ 84.Kh3 Ne3 85.Ne4+ Ke2 86.
Nc3+ Ke1 87.Ra1+ Kd2 88.Na4 Rc2 89.Rb1 Ke2 90.Nb6 Kf2 91.Nd7 Ng4 92.Rb3 
Re2 93.Nf8 Re3+ 94.Rxe3 fxe3 95.Nxg6 e2 96.Nf4 Kf1 97.Nxe2 Kxe2 98.Kg3 Ke3
99.Kh3 Kf2 100.g3 Nf6 101.Kh2 Kf3 102.Kh3 Ne4 103.Kh2 Nf2 104.Kg1 Kxg3 
105.Kf1 Ng4 106.Kg1 Ne3 107.Kh1 Nf5 108.Kg1 Nxh4 109.Kh1 Nf5 110.Kg1 Nh6 
111.Kh1 Ng4 112.Kg1 Nf2 0-1

[Event "20th Capablanca Memorial group A"]
[Site "Havana CUB"]
[Date "1985.??.??"]
[Round "11"]
[White "Rodriguez Cespedes, Amador"]
[Black "Palatnik, Semen"]
[Result "1/2-1/2"]
[WhiteElo "2505"]
[BlackElo "2455"]
[EventDate "1985.05.21"]
[PlyCount "29"]

1.e4 Nf6 2.e5 Nd5 3.d4 d6 4.Nf3 Bg4 5.Be2 e6 6.O-O Be7 7.h3 Bh5 8.c4 Nb6 
9.Nc3 O-O 10.Be3 d5 11.c5 Bxf3 12.Bxf3 Nc4 13.Bf4 Nc6 14.b3 N4a5 15.Rc1 
1/2-1/2

[Event "20th Capablanca Memorial group A"]
[Site "Havana CUB"]
[Date "1985.??.??"]
[Round "11"]
[White "Garcia Martinez, Silvino"]
[Black "Bellon Lopez, Juan Manuel"]
[Result "1/2-1/2"]
[WhiteElo "2430"]
[BlackElo "2445"]
[EventDate "1985.05.21"]
[PlyCount "87"]

1.e4 c5 2.Nf3 e6 3.d4 cxd4 4.Nxd4 a6 5.Bd3 g6 6.O-O d6 7.c4 Bg7 8.Nb3 Nd7 
9.Nc3 Ngf6 10.Bg5 h6 11.Bf4 Qc7 12.Be2 Ne5 13.Rc1 b6 14.Bg3 O-O 15.Nd2 Bb7
16.b4 Rfd8 17.a3 Rac8 18.f4 Ned7 19.Qe1 Qb8 20.Qf2 Qa8 21.e5 Ne8 22.Nb3 f5
23.exf6 Nexf6 24.Bd3 Ne4 25.Nxe4 Bxe4 26.Qe2 Bxd3 27.Qxd3 Nf8 28.Bf2 Qb7 
29.Bd4 e5 30.Be3 d5 31.cxd5 Rxd5 32.Qe4 Rxc1 33.Nxc1 exf4 34.Bxf4 Rd1 35.
Qe2 Rxf1+ 36.Kxf1 Qf7 37.Qf3 Qc4+ 38.Ne2 Ne6 39.Be3 b5 40.Qa8+ Kh7 41.Qxa6
Nd4 42.Bxd4 Bxd4 43.Qb7+ Bg7 44.Qd7 1/2-1/2

[Event "20th Capablanca Memorial group A"]
[Site "Havana CUB"]
[Date "1985.??.??"]
[Round "12"]
[White "Vilela, Jose Luis"]
[Black "Sygulski, Artur"]
[Result "1-0"]
[WhiteElo "2415"]
[BlackElo "2445"]
[EventDate "1985.05.21"]
[PlyCount "73"]

1.c4 e5 2.Nc3 d6 3.d4 Nc6 4.d5 Nce7 5.e4 f5 6.Bd3 g6 7.f4 exf4 8.Bxf4 Nf6 
9.Nf3 Bg7 10.O-O O-O 11.exf5 Nxf5 12.Qd2 Nd7 13.Bg5 Bf6 14.Bxf5 gxf5 15.
Bxf6 Nxf6 16.Rae1 Bd7 17.Nd4 Ng4 18.Ne6 Bxe6 19.dxe6 Qh4 20.Qf4 Qh6 21.e7 
Rfc8 22.Nd5 Qxf4 23.Rxf4 c6 24.Ne3 Nxe3 25.Rxe3 Kf7 26.Rxf5+ Ke8 27.Rf8+ 
Kd7 28.e8=Q+ Rxe8 29.Rf7+ Kd8 30.Rxe8+ Kxe8 31.Rxh7 Rd8 32.Rh8+ Ke7 33.
Rxd8 Kxd8 34.Kf2 Ke7 35.Ke3 Kf6 36.Kf4 a6 37.a3 1-0

[Event "20th Capablanca Memorial group A"]
[Site "Havana CUB"]
[Date "1985.??.??"]
[Round "12"]
[White "Palatnik, Semen"]
[Black "Garcia Martinez, Silvino"]
[Result "1/2-1/2"]
[WhiteElo "2455"]
[BlackElo "2430"]
[EventDate "1985.05.21"]
[PlyCount "33"]

1.d4 Nf6 2.c4 g6 3.Nc3 Bg7 4.e4 d6 5.Be2 O-O 6.Bg5 c5 7.d5 b5 8.cxb5 a6 9.
a4 Qa5 10.Bd2 Qb4 11.f3 Nbd7 12.Qc2 c4 13.Nd1 Qc5 14.Qxc4 Qxc4 15.Bxc4 Nb6
16.Be2 axb5 17.Bxb5 1/2-1/2

[Event "20th Capablanca Memorial group A"]
[Site "Havana CUB"]
[Date "1985.??.??"]
[Round "12"]
[White "Bellon Lopez, Juan Manuel"]
[Black "Yap, Andronico"]
[Result "0-1"]
[WhiteElo "2445"]
[BlackElo "2400"]
[EventDate "1985.05.21"]
[PlyCount "112"]

1.d4 Nf6 2.c4 e6 3.Nf3 c5 4.d5 exd5 5.cxd5 d6 6.Nc3 g6 7.Bf4 a6 8.e4 Bg4 
9.Be2 Nh5 10.Bg5 Be7 11.Bh6 Nd7 12.O-O Bf8 13.Bg5 Be7 14.Be3 O-O 15.h3 
Bxf3 16.Bxf3 Ng7 17.Be2 f5 18.f4 Bf6 19.g4 Re8 20.Bf3 b5 21.Qc2 b4 22.Nd1 
Rc8 23.exf5 gxf5 24.g5 Bd4 25.Qd3 Rxe3 26.Nxe3 Qe7 27.Rae1 Re8 28.Rf2 Bxe3
29.Kf1 c4 30.Qxc4 Qf7 31.Rfe2 Bc5 32.Rxe8+ Nxe8 33.Qxa6 Nf8 34.h4 Ng7 35.
Qc8 Nh5 36.Re8 Ng7 37.Rd8 Qe7 38.Qb8 Kf7 39.h5 Ne8 40.Rxe8 Qxe8 41.Qxe8+ 
Kxe8 42.Ke2 h6 43.Bg2 hxg5 44.fxg5 Nh7 45.g6 Nf6 46.h6 Kf8 47.Bh3 Ng4 48.
Bxg4 fxg4 49.a4 bxa3 50.bxa3 Bxa3 51.Kf2 Bc1 52.h7 Kg7 53.Kg3 Bb2 54.h8=Q+
Kxh8 55.Kxg4 Kg7 56.Kf5 Bf6 0-1

[Event "20th Capablanca Memorial group A"]
[Site "Havana CUB"]
[Date "1985.??.??"]
[Round "12"]
[White "Velez, Nestor"]
[Black "Pinal Borges, Nelson"]
[Result "1/2-1/2"]
[WhiteElo "2385"]
[BlackElo "2405"]
[EventDate "1985.05.21"]
[PlyCount "26"]

1.e4 e5 2.Nf3 Nf6 3.Nc3 Nc6 4.d4 exd4 5.Nxd4 d6 6.Nxc6 bxc6 7.Bd3 Be7 8.
O-O O-O 9.h3 Nd7 10.Be3 Ne5 11.Be2 Re8 12.f4 Ng6 13.Qd2 Bf8 1/2-1/2

[Event "20th Capablanca Memorial group A"]
[Site "Havana CUB"]
[Date "1985.??.??"]
[Round "12"]
[White "Sunye Neto, Jaime"]
[Black "Vera Gonzalez, Reynaldo"]
[Result "1/2-1/2"]
[WhiteElo "2510"]
[BlackElo "2480"]
[EventDate "1985.05.21"]
[PlyCount "79"]

1.Nf3 Nf6 2.g3 d5 3.Bg2 e6 4.O-O Be7 5.b3 O-O 6.Bb2 b5 7.c4 c6 8.Qc2 Bb7 
9.d3 Qb6 10.Nbd2 c5 11.e4 Nc6 12.exd5 exd5 13.a3 bxc4 14.bxc4 d4 15.Rab1 
Qc7 16.Bc1 Rab8 17.Nh4 Bc8 18.Rxb8 Nxb8 19.Re1 Nh5 20.Nhf3 Nc6 21.Qd1 Nf6 
22.Ne4 Nxe4 23.Rxe4 Bd6 24.Re2 Bg4 25.h3 Bd7 26.Ng5 Re8 27.Rxe8+ Bxe8 28.
Qh5 h6 29.Ne4 Be7 30.Bf4 Qa5 31.Nd6 Qe1+ 32.Bf1 Bg5 33.Bxg5 hxg5 34.Qxg5 
Bd7 35.Qf4 Ne5 36.Qe4 Bc6 37.Qxe1 Nf3+ 38.Kh1 Nxe1+ 39.Kg1 Nf3+ 40.Kh1 
1/2-1/2

[Event "20th Capablanca Memorial group A"]
[Site "Havana CUB"]
[Date "1985.??.??"]
[Round "13"]
[White "Vera Gonzalez, Reynaldo"]
[Black "Vilela, Jose Luis"]
[Result "1/2-1/2"]
[WhiteElo "2480"]
[BlackElo "2415"]
[EventDate "1985.05.21"]
[PlyCount "29"]

1.d4 Nf6 2.Nf3 e6 3.g3 d5 4.Bg2 Be7 5.O-O O-O 6.c4 dxc4 7.Qc2 a6 8.Qxc4 b5
9.Qc2 Bb7 10.Bd2 Be4 11.Qc1 Bb7 12.Bf4 Nd5 13.Bg5 Nd7 14.Bxe7 Qxe7 15.Nc3 
1/2-1/2

[Event "20th Capablanca Memorial group A"]
[Site "Havana CUB"]
[Date "1985.??.??"]
[Round "13"]
[White "Sygulski, Artur"]
[Black "Velez, Nestor"]
[Result "1-0"]
[WhiteElo "2445"]
[BlackElo "2385"]
[EventDate "1985.05.21"]
[PlyCount "76"]

1.d4 g6 2.c4 Bg7 3.Nc3 c5 4.d5 f5 5.g3 d6 6.Bg2 Nd7 7.Qc2 Ngf6 8.Nh3 O-O 
9.O-O Ne5 10.b3 h6 11.Bd2 Ne8 12.Rae1 Nc7 13.Kh1 a6 14.f4 Ng4 15.Nf2 Nxf2+
16.Rxf2 b5 17.e4 bxc4 18.bxc4 e5 19.dxe6 Bxe6 20.Nd5 Kh7 21.Ba5 Bxd5 22.
cxd5 Qd7 23.e5 Nb5 24.exd6 Rac8 25.Re7 Qxd6 26.Re6 Qd7 27.Qc4 Rf6 28.Rfe2 
Nd4 29.Rxf6 Bxf6 30.Re1 Qd6 31.Bc3 Rc7 32.Rb1 Nb5 33.Ba5 Re7 34.Rb3 Re8 
35.a4 Bd8 36.Bxd8 Re1+ 37.Bf1 Nd4 38.Rb7+ Kg8 1-0

[Event "20th Capablanca Memorial group A"]
[Site "Havana CUB"]
[Date "1985.??.??"]
[Round "13"]
[White "Palatnik, Semen"]
[Black "Yap, Andronico"]
[Result "1/2-1/2"]
[WhiteElo "2455"]
[BlackElo "2400"]
[EventDate "1985.05.21"]
[PlyCount "64"]

1.Nf3 f5 2.e4 fxe4 3.Ng5 e5 4.Nxe4 Nc6 5.Bb5 Nf6 6.Nbc3 Be7 7.Nxf6+ Bxf6 
8.O-O Nd4 9.f4 Nxb5 10.fxe5 Nxc3 11.Qh5+ g6 12.Qf3 Ne2+ 13.Qxe2 Bg7 14.d4 
Qe7 15.Qc4 c6 16.Bg5 b5 17.Qb3 Qe6 18.Qa3 a5 19.Rae1 b4 20.Qg3 Ba6 21.d5 
Qxd5 22.e6 d6 23.Rf7 Ra7 24.Rxa7 Bd4+ 25.Be3 Bxa7 26.Bxa7 Rf8 27.h3 Rf6 
28.Bb8 Rxe6 29.Rxe6+ Qxe6 30.Qxd6 Qxd6 31.Bxd6 Kd7 32.Bc5 Bc4 1/2-1/2

[Event "20th Capablanca Memorial group A"]
[Site "Havana CUB"]
[Date "1985.??.??"]
[Round "13"]
[White "Rodriguez Cespedes, Amador"]
[Black "Sunye Neto, Jaime"]
[Result "1-0"]
[WhiteElo "2505"]
[BlackElo "2510"]
[EventDate "1985.05.21"]
[PlyCount "47"]

1.e4 c5 2.Nf3 e6 3.d4 cxd4 4.Nxd4 a6 5.Bd3 Nf6 6.O-O d6 7.c4 Be7 8.Nc3 O-O
9.Kh1 b6 10.f4 Bb7 11.Qe2 Qc7 12.e5 dxe5 13.fxe5 Nfd7 14.Bf4 Nc5 15.Bc2 
Nc6 16.Nxc6 Bxc6 17.Rad1 a5 18.Nd5 exd5 19.cxd5 Bxd5 20.Rxd5 Qc6 21.Qf3 
Qe6 22.Be3 Rad8 23.Bxc5 Bxc5 24.Qd3 1-0